| 000 | 00435nam a22001697a 4500 | ||
|---|---|---|---|
| 003 | NUST - PNEC | ||
| 005 | 20170116180913.0 | ||
| 008 | 150903b xxu||||| |||| 00| 0 eng d | ||
| 040 | _cLIBRARY | ||
| 082 | _a620.11 KUM | ||
| 100 |
_97244 _aKumar, Dharmendra |
||
| 245 |
_aMaterials science and manufacturing processes _cDharmendra Kumar |
||
| 250 | _a2nd ed. | ||
| 260 | _c1993 | ||
| 650 |
_95561 _aMaterials _xME |
||
| 942 |
_2ddc _cBK |
||
| 999 |
_c65364 _d65364 |
||